| 000 | 00931nas a2200301 4500 | ||
|---|---|---|---|
| 001 | BR9501896 | ||
| 003 | BR-BrBNA | ||
| 005 | 20231205093937.0 | ||
| 007 | ta | ||
| 008 | 230509b bl.|||p| |||| 00| 00por d | ||
| 040 |
_aBR-BrBNA _bpor _cBiblioteca Nacional de Agricultura |
||
| 041 | _a(Pt) | ||
| 072 | _aL73 | ||
| 100 | 1 | _aStobbe, N.S. | |
| 100 | 1 | _aBraccini, G.L. de | |
| 100 | 1 | _aCanto, J.I. do | |
| 100 | 1 | _aChaplin, E.L. | |
| 100 | 1 | _aAraujo, F.A.P. de | |
| 100 | 1 | _aSilva, M.R.S. da | |
| 245 | 1 | _aDeteccao de Babesia equi em equinos clinicamente sadios de Porto Alegre, RS | |
| 650 | _aEquino | ||
| 650 | _aBabesiose | ||
| 650 | _aProtozoario | ||
| 650 | _aRio Grande do Sul | ||
| 773 | 0 |
_tArquivos da Faculdade de Veterinaria da Universidade Federal do Rio Grande do Sul (Brazil) _xISSN 0101-5230 _g(1992), v. 20 p. 250-256 _wBR9501896 |
|
| 909 |
_a202311 _bLúcia _c55 _dLúcia Elande |
||
| 942 |
_2AGRIS _n0 _cANA |
||
| 999 |
_c141224 _d141224 |
||